Normal view
MARC view
Entry Personal Name
001 - CONTROL NUMBER
- control field: 1236846
003 - CONTROL NUMBER IDENTIFIER
- control field: OSt
005 - DATE AND TIME OF LATEST TRANSACTION
- control field: 20260430150224.0
008 - FIXED-LENGTH DATA ELEMENTS
- fixed length control field: 260430|| aca||aabn | a|a d
040 ## - CATALOGING SOURCE
- Original cataloging agency: OSt
- Transcribing agency: OSt
100 ## - HEADING--PERSONAL NAME
- Personal name: Aziz Sadia Au.; Jafri Saiyid Zaheer Husain Gu
670 ## - SOURCE DATA FOUND
- Source citation: Work cat.: (OSt)1849254: Aziz Sadia Au.; Jafri Saiyid Zaheer Husain Gu., Royalty, piety and legacy in the age of empire: Masjids and sufi shrines of shahjahanabad (1630s-1870s), 2021
